Phân tích các yếu tố ảnh hưởng đến quyết định gửi tiền của khách hàng vào ngân hàng thương mại cổ phần công thương Việt Nam - Chi nhánh Cần Thơ : Luận văn tốt nghiệp Cao học. Chuyên ngành Tài chính ngân hàng
Đề tài phân tích thực trạng nguồn vốn huy động, các yếu tố ảnh hưởng đến quyết định gửi tiền tại ngân hàng thương mại cổ phần công thương Việt Nam chi nhánh Cần Thơ và đề xuất giải pháp nhằm tăng nguồn vốn huy động tại ngân hàng....
Gardado en:
| Autor Principal: | |
|---|---|
| Formato: | Libro |
| Idioma: | Undetermined |
| Publicado: |
Cần Thơ
Trường Đại học Cần Thơ
2014
|
| Những chủ đề: | |
| Các nhãn: |
Engadir etiqueta
Sen Etiquetas, Sexa o primeiro en etiquetar este rexistro!
|
| Thư viện lưu trữ: | Trung tâm Học liệu Trường Đại học Cần Thơ |
|---|
| LEADER | 01352nam a2200217Ia 4500 | ||
|---|---|---|---|
| 001 | CTU_194347 | ||
| 008 | 210402s9999 xx 000 0 und d | ||
| 082 | |a 332.12 | ||
| 082 | |b Nh513 | ||
| 088 | |a 60340201 | ||
| 100 | |a Nguyễn, Thị Hồng Nhung | ||
| 245 | 0 | |a Phân tích các yếu tố ảnh hưởng đến quyết định gửi tiền của khách hàng vào ngân hàng thương mại cổ phần công thương Việt Nam - Chi nhánh Cần Thơ : | |
| 245 | 0 | |b Luận văn tốt nghiệp Cao học. Chuyên ngành Tài chính ngân hàng | |
| 245 | 0 | |c Nguyễn Thị Hồng Nhung ; Lê Khương Ninh (Cán bộ hướng dẫn) | |
| 260 | |a Cần Thơ | ||
| 260 | |b Trường Đại học Cần Thơ | ||
| 260 | |c 2014 | ||
| 520 | |a Đề tài phân tích thực trạng nguồn vốn huy động, các yếu tố ảnh hưởng đến quyết định gửi tiền tại ngân hàng thương mại cổ phần công thương Việt Nam chi nhánh Cần Thơ và đề xuất giải pháp nhằm tăng nguồn vốn huy động tại ngân hàng. | ||
| 650 | |a Ngân hàng thương mại,Commercial banking | ||
| 910 | |a Hải | ||
| 980 | |a Trung tâm Học liệu Trường Đại học Cần Thơ | ||